000 00394nam a22001337a 4500
020 _a0-13-463449-7
082 _a621.3815 MAL'I
100 _aMALONEY, T. J
_966623
245 _aINDUSTRIAL SOLID STATE ELECTRONICS, DEVICES AND SYSTEMS
260 _aNEWJERSCY
_bPHI
_c1986
300 _a651P
650 _aINDUSTRIAL ELECTRONICS ELECTRONICS CONTROL SOLID STATE ELECTRONICS
_966624
942 _cBK
999 _c574560
_d574560